Statistics for Fast typing test - 100 WPM test

Click here to take the quiz!

General Stats

  • This quiz has been taken 617 times
  • The average score is 6 of 10

Answer Stats

SentenceAnswer% Correct
what time does the sport event begin todaywhat time does the sport event begin today
99%
when do you go on your overseas holidaywhen do you go on your overseas holiday
97%
That is very interesting please tell me moreThat is very interesting please tell me more
93%
I cannot believe you were able to do that in such a quick timeI cannot believe you were able to do that in such a quick time
78%
Scientifically speaking this should be nearly impossibleScientifically speaking this should be nearly impossible
60%
It is very hard to complete this test so this sentence is a little bit easierIt is very hard to complete this test so this sentence is a little bit easier
49%
If you are on this sentence you are quite quick at typingIf you are on this sentence you are quite quick at typing
37%
donedone
28%
you did it well done mate you did it well done mate
25%
It is now getting to the point that you are getting close to hitting one hundred words per minute speedIt is now getting to the point that you are getting close to hitting one hundred words per minute speed
12%

Score Distribution

Percentile by Number Answered

Percent of People with Each Score

Your Score History

You have not taken this quiz